| 000 | 01018 a2200181 4500 | ||
|---|---|---|---|
| 020 | _a0077097580 (paperback) | ||
| 020 | _a9780077097585 (paperback) | ||
| 082 | 0 | 4 | _a616 |
| 090 |
_c4554 _d4554 |
||
| 100 | 1 | _aMarks, Isaac M. | |
| 245 | 1 | 0 |
_aLiving with fear : _bunderstanding and coping with anxiety / _cIsaac M. Marks. |
| 250 | _a2nd ed. | ||
| 260 |
_a[S.l.] : _bMcGraw-Hill Companies, _c2002. |
||
| 300 |
_a300 p. ; _c23 cm. |
||
| 520 | _aLiving with Fear is a self help book that gives practical advice to people who are suffering from phobias panic obsessions rituals or traumatic distress. In the new edition the author has updated the book to include new phobias e.g. fear of Aids contamination as well as the latest treatments. References examples and case studies will be updated throughout the book. The case examples in the current edition are drawn from many parts of the world. | ||
| 856 | 4 | 0 |
_3Amazon.com _uhttp://www.amazon.com/exec/obidos/ASIN/0077097580/chopaconline-20 |
| 942 |
_aNBS _cBK _k658.85 MAR |
||
| 999 |
_c346996 _d346996 |
||